Statistics for Countries where Abortion is Illegal

Click here to take the quiz!

General Stats

  • This quiz has been taken 668 times
  • The average score is 22 of 51

Answer Stats

Answer% Correct
Iran
70%
Egypt
67%
Niger
63%
Libya
60%
Brazil
59%
Mexico
59%
Sudan
59%
Somalia
58%
Yemen
57%
Oman
56%
Congo
55%
Chad
53%
Chile
53%
Honduras
53%
Mali
53%
Nicaragua
53%
United Arab Emirates
53%
Colombia
52%
Panama
52%
Syria
52%
El Salvador
51%
Venezuela
51%
Guatemala
49%
Haiti
48%
Kenya
48%
Afghanistan
47%
Angola
46%
Indonesia
46%
Paraguay
45%
Uganda
44%
Dominican Republic
41%
Mauritania
41%
Tanzania
41%
Ireland
40%
Senegal
40%
Lebanon
38%
Benin
36%
Central African Republic
36%
Malta
30%
Bangladesh
29%
Gabon
28%
Guinea-Bissau
28%
Lesotho
28%
Madagascar
28%
Burma
26%
Laos
26%
Philippines
26%
Sri Lanka
20%
Mauritius
17%
Papua New Guinea
14%
Cote d’Ivoire
7%

Score Distribution

Percentile by Number Answered

Percent of People with Each Score

Your Score History

You have not taken this quiz